000 00880nam a2200241 a 4500
001 000015213
005 20260415174538.0
008 100203s2005 dr 000 0 spa d
040 _aDO-SdBNP
_bspa
_cBNPHU
082 _a320.97293
_bF825h, 2005
100 1 _aFranco, Franklin J.,
_d1936-
_934417
245 1 0 _aHistoria de las ideas políticas en la República Dominicana :
_bcontribución a su estudio /
_cFranklin Franco Pichardo.
250 _a3a ed.
260 _aSanto Domingo :
_bNacional,
_c[2005?].
300 _a305 p. ;
_c21 cm.
504 _aBibliografía : p. 306-341
590 _aInventariado, 2018/ YL
650 4 _aCiencia política
_zRepública Dominicana
_xHistoria
_934443
651 0 _aRepública Dominicana
_xPolítica y gobierno
_945
651 4 _aRepública Dominicana
_xHistoria
_9170
650 0 _a
_912155
910 _aValidado. Control de calidad BNPHU
999 _c14784
_d14784